000 01100nmc a2200385 a 4500
003 AR-BaBNM
005 20251128202837.0
008 156019s1953 ||||||||||||||000 | spa||
040 _cAR-BaBNM
100 1 _aGonzález, Joaquín V.
_d1863-1923
245 1 0 _aIntermezzo
_bdos décadas de recuerdos literarios : 1888-1908
260 _aBuenos Aires
_bJackson
_c1953
300 1 _axviii, 282 p.
490 0 _aGrandes Escritores Argentinos
_vv. 47
500 0 _aContiene biografía del autor
600 1 4 _aGarmendia, José Ignacio
600 1 4 _aHolmberg, Eduardo
600 1 4 _aFernández Espiro, Diego
600 1 4 _aGamboa, Federico
600 1 4 _aEchegaray, José
600 1 4 _aVega, Ricardo de La
650 4 _aVIDA LITERARIA
650 4 _aAUTORES
650 4 _aHISTORIA LITERARIA
650 4 _aPERIODISMO
650 4 _aCRITICA LITERARIA
650 4 _aINDICES
650 4 _aLENGUAS INDIAS SUDAMERICANAS
650 4 _aHISTORIA MILITAR
655 _aLITERATURA
700 1 _aArrieta, Rafael Alberto
800 1 _aPalcos, Alberto
_edirector
942 _cBK
998 _cisola
999 _c849
_d849